| 000 | 00674nam a2200217Ii 4500 | ||
|---|---|---|---|
| 003 | JO-AjNU | ||
| 008 | 230605s9999||||xx |||||||||||||| ||und|| | ||
| 017 | _a2012/11/3948 | ||
| 040 |
_aJO-AjNU _bara _erda _cJO-AjNU |
||
| 041 | _aara | ||
| 050 | 1 | 4 | _aPJ8054.Q32 2013 |
| 100 | 3 |
_aالقضاة، أحمد مصطفى, _eauthor _947466 |
|
| 245 | 0 | 0 | _aمعجم مؤلفي عجلون |
| 250 | _aط1 | ||
| 264 | 3 | 1 | _aعمان:وزارة الثقافة،2013 |
| 300 | _a304ص | ||
| 336 |
_atext _btxt _2rdacontent |
||
| 337 |
_aunmediated _bn _2rdamedia |
||
| 338 |
_avolume _bnc _2rdacarrier |
||
| 650 | 4 |
_aالأدب العربي - تراجم - مؤلفي عجلون _947467 |
|
| 999 |
_aA20723 _c24291 _d24291 |
||